000
00332 a2200169 4500
001
179099
020
_a
978-85-08-09719-7
040
_c
Magnum
100
_a
Furnari, Eva
240
1
0
_a
Cacoete
_l
por
245
1
0
_a
Cacoete
300
_a
32
362
0
_a
2008
440
1
_a
Ática
697
_a
LITERATURA INFANTO
942
_c
BK
999
_c
179099
_d
179099